| 000 | 00350nam a2200145Ia 4500 | ||
|---|---|---|---|
| 008 | 230917s9999||||xx |||||||||||||| ||und|| | ||
| 040 |
_e206119 _aMAIN |
||
| 041 | _aEnglish | ||
| 082 | _a589.3 J663T | ||
| 100 | _aJohri, R M | ||
| 245 | 0 | _aTextbook of algae | |
| 260 |
_aNew Delhi _bDominant Publishers _c2012 |
||
| 300 | _av, 550 p. | ||
| 942 | _cBK | ||
| 999 |
_c173754 _d173754 |
||